Riconosci il Pokémon - Quiz n°767 - Statistics

Statistiche generali
  • Questo quiz è stato fatto 1 volte
  • Il punteggio medio è 3 su 10
Statistiche sulle risposte
Indizio Riposta % Corretto
Tipo Coleottero
100%
Stadio evoluzione Forma Base
100%
Generazione Sesta
100%
Altezza 0,3 m
0%
Tasso di cattura 255 (43.9%)
0%
Peso 2,5 kg
0%
Sesso 50% ♂, 50% ♀
0%
Tasso di allevamento Medio-Veloce
0%
Abilità Polvoscudo; Insettocchi; Amicoscudo
0%
Pokémon Scatterbug
0%
Nessun quiz corrispondente trovato
Distribuzione punteggi
Percentuale di utenti per punteggio
Percentile per numero di risposta
I tuoi punteggi nel tempo
Non hai fatto questo quiz